Normal view
MARC view
Entry Topical Term
001 - CONTROL NUMBER
- control field: 98
003 - CONTROL NUMBER IDENTIFIER
- control field: BD-RjUL
005 - DATE AND TIME OF LATEST TRANSACTION
- control field: 20211211125531.0
008 - FIXED-LENGTH DATA ELEMENTS
- fixed length control field: 211211|| aca||aabn | a|a d
040 ## - CATALOGING SOURCE
- Original cataloging agency: BD-RjUL
- Transcribing agency: BD-RjUL
150 ## - HEADING--TOPICAL TERM
- Topical term or geographic name entry element: Farmers
- General subdivision: Education
670 ## - SOURCE DATA FOUND
- Source citation: Work cat.: (BD-RjUL)78979: Islam, Md. Sariful 93, Impact of Education on Rice Production in Bangladesh:, 2014